000 00859nam0a2200289 4500
001 RU\NLR\bibl\177211
005 20250618061929.0
010 _a5-7107-3749-6
_910000
021 _aRU
_b2000-50882
_92344
035 _a(NLR Aleph) 000173918
090 _a1002840
_c1002840
100 _a20010816d2000 |||y0rusy50 ca
101 0 _arus
102 _aRU
105 _ay |||||||||
200 1 _aШкольный словарь иностранных слов
_fЛ.П. Крысин
205 _a2-е изд., испр.
210 _aМ.
_cДрофа
_d2000
215 _a299,[1] с.
_d17
686 _aШ141.12-491иностр
700 1 _aКрысин
_bЛ. П.
_gЛеонид Петрович
_4070
801 0 _aRU
_bNLR
_c20010816
_gPSBO
801 1 _aRU
_bNLR
_c20010816
830 _aАвт. по кн.
942 _cBOOK
980 _aNB